000 00550nam a22002177a 4500
003 UA-OsUOA
001 120712
007 ta
008 20170209b un ||||| |||| 00| 0 ukr d
100 _aТкаченко А.
090 _a82
_bТ48
942 _cSA
040 _aUA-OsUOA
_bukr
_cUA-OsUOA
_dUA-OsUOA
245 _aКінодраматургія Івана Драча
300 _aС.91-97
955 _a0
041 _aukr
080 _a82
773 0 _w120705
650 7 _a82 Література. Літературознавство
_2UDC
999 _c406722
_d406722